| 000 | 00478nam a22001697a 4500 | ||
|---|---|---|---|
| 005 | 20251108164953.0 | ||
| 008 | 250721s1976 xx 000 0 ara d | ||
| 082 | 1 | 4 | _a657.4/سلي |
| 100 | 1 | _aقداح، سليمان | |
| 245 | 1 | 0 | _aمحاسبة التكاليف النموذجية / |
| 264 | 1 |
_aدمشق : _bجامعة دمشق، _c1976. |
|
| 300 | _a259ص | ||
| 650 | 1 | 7 | _aالمحاسبة |
| 650 | 1 | 7 | _aمحاسبة التكاليف |
| 942 |
_2ddc _cBK |
||
| 999 |
_c18703 _d18703 |
||